[Event "Serpiano op"]
[Site "Serpiano"]
[Date "2022.11.19"]
[Round "3"]
[White "Sosa Nesper, Marcos Ivan"]
[Black "Widebeck, Klas"]
[Result "0-1"]
[WhiteElo "1458"]
[BlackElo "1714"]
[PlyCount "64"]
[EventDate "2022.11.19"]
[EventType "swiss"]
[EventRounds "5"]
[EventCountry "SUI"]
[SourceTitle "EXT 2024"]
[Source "ChessBase"]
[SourceDate "2023.10.10"]
[SourceVersion "1"]
[SourceVersionDate "2023.10.10"]
[SourceQuality "1"]

1. e4 c6 2. d4 d5 3. Nc3 dxe4 4. Nxe4 Bf5 5. Ng3 Bg6 6. Nf3 Nd7 7. Bf4 e6 8. h4 h6 9. Qe2 Qa5+ 10. c3 Ngf6 11. Ne5 Bh7 12. Nxd7 Nxd7 13. Ne4 Qd5 14. f3 Be7 15. Qc4 Bxe4 16. Qxd5 Bxd5 17. c4 e5 18. dxe5 Be6 19. 0-0-0 0-0 20. Bd3 Rfd8 21. g4 Nc5 22. Bc2 Rxd1+ 23. Rxd1 Bxh4 24. Rh1 Be7 25. g5 Bxg5 26. Bxg5 hxg5 27. Bh7+ Kf8 28. Bc2 Ke7 29. Rg1 Bxc4 30. Rxg5 g6 31. Rg4 Bxa2 32. b3 Bxb3 0-1

[Event "Hoogeveen Amateurs op 25th"]
[Site "Hoogeveen"]
[Date "2022.10.20"]
[Round "5.5"]
[White "Van der Werff, Frank"]
[Black "Widebeck, Klas"]
[Result "1-0"]
[WhiteElo "1942"]
[BlackElo "1664"]
[PlyCount "113"]
[EventDate "2022.10.15"]
[EventType "swiss"]
[EventRounds "7"]
[EventCountry "NED"]
[SourceTitle "CBM 210 Extra"]
[Source "ChessBase"]
[SourceDate "2022.11.30"]
[SourceVersion "1"]
[SourceVersionDate "2022.11.30"]
[SourceQuality "1"]

1. d4 d5 2. c4 c6 3. Nf3 e6 4. Nbd2 Nf6 5. g3 Nbd7 6. Bg2 Be7 7. 0-0 0-0 8. Qc2 b6 9. e4 dxe4 10. Nxe4 Bb7 11. Rd1 Rc8 12. Ne5 h6 13. b3 Nxe4 14. Bxe4 Nxe5 15. dxe5 Qc7 16. Bb2 Rfd8 17. h4 c5 18. Re1 Rd7 19. Rad1 Bxe4 20. Qxe4 Rcd8 21. Rxd7 Qxd7 22. Kf1 b5 23. cxb5 Qxb5+ 24. Qc4 Qxc4+ 25. bxc4 Rd2 26. Re2 Rd3 27. Rc2 Bd8 28. Ke2 Rd7 29. Bc3 g6 30. Rb2 f6 31. exf6 Kf7 32. Rb5 Bxf6 33. Bxf6 Kxf6 34. Rxc5 h5 35. a4 Rd6 36. a5 e5 37. Ke3 Ke6 38. Ke4 Rd4+ 39. Ke3 Rd6 40. f4 exf4+ 41. Kxf4 Rd4+ 42. Ke3 Rg4 43. Rg5 Rxc4 44. Rxg6+ Kf7 45. Rg5 Rc3+ 46. Kf2 Rc2+ 47. Kf3 Rc3+ 48. Kg2 Rc2+ 49. Kh3 Ra2 50. Rxh5 Kg6 51. Rc5 Ra1 52. h5+ Kh6 53. Kh4 Rh1+ 54. Kg4 Rh2 55. Rc6+ Kh7 56. Rc7+ Kh6 57. Rxa7 1-0

[Event "Hoogeveen Amateurs op 25th"]
[Site "Hoogeveen"]
[Date "2022.10.15"]
[Round "1"]
[White "Mousa, Besher"]
[Black "Widebeck, Klas"]
[Result "0-1"]
[WhiteElo "753"]
[BlackElo "1664"]
[PlyCount "96"]
[EventDate "2022.10.15"]
[EventType "swiss"]
[EventRounds "7"]
[EventCountry "NED"]
[SourceTitle "CBM 210 Extra"]
[Source "ChessBase"]
[SourceDate "2022.11.30"]
[SourceVersion "1"]
[SourceVersionDate "2022.11.30"]
[SourceQuality "1"]

1. e4 c6 2. g3 d5 3. Bg2 dxe4 4. Bxe4 Nf6 5. Bg2 Bg4 6. Ne2 e6 7. Nbc3 Nbd7 8. 0-0 Be7 9. d3 0-0 10. Be3 Nd5 11. Qd2 Bb4 12. a3 Bxe2 13. Qxe2 Bxc3 14. Bxd5 Bxb2 15. Ra2 cxd5 16. Rxb2 b6 17. Rb4 Nf6 18. Bc1 Re8 19. Qe5 Rc8 20. c3 Qc7 21. Qg5 h6 22. Qe3 Qxc3 23. Bb2 Qc5 24. Qd2 a5 25. Rh4 Qc2 26. Qxc2 Rxc2 27. Bxf6 gxf6 28. Rxh6 Kg7 29. Rh4 Rc3 30. Rg4+ Kf8 31. Rb1 Rb8 32. Rh4 Ke7 33. Rd4 Rxa3 34. Re1 Kd6 35. h4 b5 36. h5 b4 37. h6 b3 38. Kg2 b2 39. h7 Ra1 40. Rxa1 bxa1Q 41. Rh4 f5 42. g4 fxg4 43. Rxg4 Rh8 44. Rh4 Qg7+ 45. Kh3 Rxh7 46. f4 f5 47. d4 Qg4+ 48. Kh2 Rxh4# 0-1

[Event "Greifswald Springer op"]
[Site "Greifswald"]
[Date "2022.10.09"]
[Round "3"]
[White "Decker, Nils1111"]
[Black "Widebeck, Klas"]
[Result "0-1"]
[WhiteElo "1312"]
[BlackElo "1625"]
[PlyCount "106"]
[EventDate "2022.10.08"]
[EventType "swiss"]
[EventRounds "7"]
[EventCountry "GER"]
[SourceTitle "CBM 210 Extra"]
[Source "ChessBase"]
[SourceDate "2022.11.30"]
[SourceVersion "1"]
[SourceVersionDate "2022.11.30"]
[SourceQuality "1"]

1. e4 c6 2. d4 d5 3. Nc3 dxe4 4. Nxe4 Bf5 5. Nc3 e6 6. Nf3 Nf6 7. Bg5 Nbd7 8. Bd3 Bg4 9. h3 Bxf3 10. Qxf3 Qa5 11. Bd2 Qb6 12. 0-0 Qxd4 13. Be3 Qb4 14. Rab1 Ne5 15. Qe2 Nxd3 16. Qxd3 Be7 17. Rfd1 Rd8 18. Qe2 Rxd1+ 19. Qxd1 0-0 20. a3 Qa5 21. Qd4 b6 22. Rd1 h6 23. Qc4 Rc8 24. Ra1 Qf5 25. Qa6 Rc7 26. Rc1 Nd5 27. Qd3 Qxd3 28. cxd3 Nxc3 29. Rxc3 Bf6 30. Rc2 Rd7 31. d4 Rd6 32. b4 Kf8 33. Kf1 Ke8 34. Ke2 Kd7 35. Rd2 b5 36. f4 g5 37. g3 gxf4 38. gxf4 Rd5 39. Kf3 Kd6 40. Ke4 Rh5 41. Rh2 Bh4 42. Rh1 f5+ 43. Kd3 Bg3 44. Ke2 Kd5 45. Kd3 Rh4 46. Kc3 Bxf4 47. Bf2 Rh5 48. h4 Bg5 49. Kd3 Bf6 50. Re1 f4 51. Re4 Bxh4 52. Rxf4 Bxf2 53. Rxf2 Rh3+ 0-1

[Event "Greifswald Springer op"]
[Site "Greifswald"]
[Date "2022.10.08"]
[Round "2"]
[White "Widebeck, Klas"]
[Black "Christensen, Andreas"]
[Result "0-1"]
[WhiteElo "1625"]
[BlackElo "1835"]
[PlyCount "138"]
[EventDate "2022.10.08"]
[EventType "swiss"]
[EventRounds "7"]
[EventCountry "GER"]
[SourceTitle "CBM 210 Extra"]
[Source "ChessBase"]
[SourceDate "2022.11.30"]
[SourceVersion "1"]
[SourceVersionDate "2022.11.30"]
[SourceQuality "1"]

1. d4 Nf6 2. c4 e6 3. Nc3 Bb4 4. Nf3 0-0 5. Bg5 h6 6. Bh4 c5 7. dxc5 Na6 8. e4 g5 9. Nxg5 Nxe4 10. Ngxe4 Qxh4 11. Qf3 f5 12. Nd2 Bxc5 13. Qg3+ Qxg3 14. hxg3 Kg7 15. Be2 Nb4 16. Kf1 a6 17. Rd1 Rb8 18. a3 Nc6 19. b4 Bd4 20. Ndb1 Ba7 21. Rh4 Ne7 22. f4 Ng6 23. Rh5 a5 24. Nb5 Bb6 25. c5 Bd8 26. Nd6 axb4 27. axb4 Bf6 28. Nxc8 Rbxc8 29. Rxd7+ Rf7 30. Rxf7+ Kxf7 31. Rxh6 Kg7 32. Rh1 Ra8 33. Kf2 Bd4+ 34. Kf3 Ra4 35. Bc4 e5 36. Be6 e4+ 37. Ke2 Kf6 38. Bd5 Rxb4 39. Nd2 Bxc5 40. Rh7 Ne7 41. Bb3 e3 42. Rf7+ Kg6 43. Rxe7 Bxe7 44. Kxe3 Bc5+ 45. Ke2 Kf6 46. Bd5 b6 47. Bc6 Ke7 48. Bb7 Ra4 49. Bc8 Ra2 50. Kd1 Kf6 51. g4 fxg4 52. g3 Kg7 53. Bxg4 Be3 54. Ne4 Bd4 55. Bd7 Rb2 56. Bc6 Be3 57. Ke1 Kg6 58. Bd7 Kg7 59. f5 b5 60. f6+ Kf8 61. g4 b4 62. g5 Rg2 63. Kd1 b3 64. Be6 b2 65. Ba2 Bxg5 66. Nxg5 Rxg5 67. f7 Rc5 68. Kd2 Rc1 69. Bb1 Rxb1 0-1